| 000 -LEADER |
| fixed length control field |
01041nam a2200205Ia 4500 |
| 001 - CONTROL NUMBER |
| control field |
17797 |
| 003 - CONTROL NUMBER IDENTIFIER |
| control field |
GE_BSU |
| 005 - DATE AND TIME OF LATEST TRANSACTION |
| control field |
20200224145513.0 |
| 008 - FIXED-LENGTH DATA ELEMENTS--GENERAL INFORMATION |
| fixed length control field |
181216s1982 xx |||||||||||||| ||eng|| |
| 040 ## - CATALOGING SOURCE |
| Transcribing agency |
GE_BSU |
| 080 ## - UNIVERSAL DECIMAL CLASSIFICATION NUMBER |
| Universal Decimal Classification number |
353.03(73) P-97 |
| 245 ## - TITLE STATEMENT |
| Title |
Public papers of the presidents of the United States Jimmy Carter 1980-81. Book III |
| Remainder of title |
1980-81 (in tree books). book III-september 29, 1980 to january 20, 1981 |
| 264 ## - PRODUCTION, PUBLICATION, DISTRIBUTION, MANUFACTURE, AND COPYRIGHT NOTICE |
| Place of production, publication, distribution, manufacture |
Washington : |
| Name of producer, publisher, distributor, manufacturer |
United States government printing office, |
| Date of production, publication, distribution, manufacture, or copyright notice |
1982. |
| 300 ## - PHYSICAL DESCRIPTION |
| Extent |
3050 p. : |
| Dimensions |
26 cm. |
| 653 ## - INDEX TERM--UNCONTROLLED |
| keyword |
1980-81 (in tree books). book III-september 29, 1980 to january 20, 1981 |
| 653 ## - INDEX TERM--UNCONTROLLED |
| keyword |
Public papers of the presidents of the United States Jimmy Carter 1980-81. |
| 653 ## - INDEX TERM--UNCONTROLLED |
| keyword |
შეერთებული შტატების პრეზიდენტების ჯიმი კარტერის საჯარო ფურცლები |
| 653 ## - INDEX TERM--UNCONTROLLED |
| keyword |
სახელმწიფო ადმინისტრაციული მმართველობა |
| 942 ## - ADDED ENTRY ELEMENTS (KOHA) |
| Koha item type |
წიგნი |
| Source of classification or shelving scheme |
|